| 000 | 00534 a2200193 4500 | ||
|---|---|---|---|
| 005 | 20260210105339.0 | ||
| 008 | 260209b |||||||| |||| 00| 0 eng d | ||
| 020 |
_a9781032982519 _cRs. 1295.00 |
||
| 040 | _aMAIN | ||
| 082 |
_a320.5320954 _bP274G |
||
| 100 | _aPatnaik, Arun Kumar | ||
| 245 | _aGramsci and South Asia: Common sense religion and political society | ||
| 260 |
_bRoutledge _c2026 _aNew York |
||
| 300 | _axiii, 242 | ||
| 650 | _aPolitical Science | ||
| 650 | _aMarxism | ||
| 650 | _aSouth Asia | ||
| 942 | _cBK | ||
| 999 |
_c395253 _d395253 |
||